000 00584nam a22002177a 4500
003 UA-OsUOA
001 96889
007 ta
008 20130325b un ||||| |||| 00| 0 ukr d
090 _a821.161.1
_bМ63
942 _cBK
040 _aUA-OsUOA
_brus
_cUA-OsUOA
_dUA-OsUOA
245 _aМир профессий
_bчеловек - природа
300 _a383 с.
955 _a3
041 _arus
080 _a821.161.1
260 _aМ.
_bМол. гвардия
_c1985
650 7 _a82 Література. Літературознавство
_2UDC
999 _c383116
_d383116